000 00987nam a22003377a 4500
003 CHAP
005 20220329134232.0
008 971013s1951 r 00010 d
010 _a17408
011 _a18380
035 _a22465
040 _cCHAP
082 _a633
_bH85
100 0 0 _aHunter, Herbert.
_956939
245 _aCrop varieties; varieties of cereals, flax, potatoes. besans and field peas
260 _aLondon :
_bFarmer & Xtock-breeder,
_c1951
300 _a224 p.
590 _aBATCH-UPD
_b10
_c20130110
_lUCH01
_h1058
590 _aBATCH-UPD
_b10
_c20130410
_lUCH01
_h0652
590 _aBATCH-UPD
_b10
_c20130914
_lUCH01
_h0912
590 _aCONVERSION
_b10
_c20130109
_lUCH01
_h1311
650 1 4 _aCereales.
_921370
650 1 4 _aChícharo.
_922822
650 1 4 _aCultivos.
_930221
650 1 4 _aFrijol.
_943319
650 1 4 _aLino.
_966998
650 1 4 _aPapa.
_985165
901 _aBK
942 _cLIBRO
949 _a633 H85
_bBC
_cLIBRO
_d-52699
_eLIBRO
_h22141
_i22465
_si
999 _c17408
_d17408